• 首页
  • 本馆介绍
  • 公告通知
  • 最新文献
  • 馆藏检索
  • 电子资源
  • 读者导购
  • 参考咨询
  • 我的图书馆
  • 登录
  • 详细信息显示
  • 放入我的书架
  • 预约/预借图书
  • 作者相关作品
  • 分类相关作品
  • 丛书相关作品
  • 出版社相关作品

书目信息

  • 表格格式
  • 工作单格式
  • 卡片格式
题名:
旅游景区管理
    
 
作者: 陈才 , 龙江智 编著
分册:  
出版信息: 北京   中国旅游出版社  2008.06
页数: 358页
开本: 23cm
丛书名:
单 册:
中图分类: F590.6
科图分类:
主题词: 旅游业--经济管理--高等学校--教材
电子资源:
ISBN: 978-7-5032-3446-0
000 01099nam0 2200277 450
001 012004263258
005 20091207084121.42
010    @a978-7-5032-3446-0@dCNY32.00
100    @a20080730d2008 em y0chiy0110 ea
101 0  @achi
102    @aCN@b110000
105    @ay z 000yy
106    @ar
200 1  @a旅游景区管理@9lv you jing qu guan li@f陈才,龙江智编著
210    @a北京@c中国旅游出版社@d2008.06
215    @a358页@d23cm
300    @a中国旅游协会推荐教材 旅游管理专业新视野教材
312    @a封面英文题名:Tourist attractions management
330    @a本书在阐述景区的历史、含义、分类、功能等知识的基础上,构建景区管理的核心范畴,主要涉及旅游景区规划管理、旅游景区建设管理、旅游景区战略管理、旅游景区市场营销、旅游景区质量管理、旅游景区设施与安全管理、旅游景区游客管理、旅游景区环境管理以及旅游景区创新管理。
510 1  @aTourist attractions management@zeng
606 0  @a旅游业@x经济管理@x高等学校@j教材
690    @aF590.6@v4
701  0 @a陈才@9chen cai@4编著
701  0 @a龙江智@9long jiang zhi@4编著
801  0 @aCN@bNLC@c20091207
905    @b20795546-50@dF590.6@e236@f5
    
    旅游景区管理/陈才,龙江智编著.-北京:中国旅游出版社,2008.06
    358页;23cm
    中国旅游协会推荐教材 旅游管理专业新视野教材
    
    ISBN 978-7-5032-3446-0:CNY32.00
    本书在阐述景区的历史、含义、分类、功能等知识的基础上,构建景区管理的核心范畴,主要涉及旅游景区规划管理、旅游景区建设管理、旅游景区战略管理、旅游景区市场营销、旅游景区质量管理、旅游景区设施与安全管理、旅游景区游客管理、旅游景区环境管理以及旅游景区创新管理。
●
相关链接 在E读中查询图书 在五车中查询图书 在当当中查询图书 在豆瓣中查询图书


正题名:旅游景区管理     索取号:F590.6/236         预约/预借

序号 登录号 条形码 馆藏地/架位号 状态 备注
1 795546   207955462   第一样本阅览室/ [索取号:F590.6/236] 在馆    
2 795547   207955471   第一借阅区/ [索取号:F590.6/236] 在馆    
3 795548   207955480   第一借阅区/ [索取号:F590.6/236] 在馆    
4 795549   207955499   第一借阅区/ [索取号:F590.6/236] 在馆    
5 795550   207955505   密集书库-资源管理系/ [索取号:F590.6/236] 在馆    
唐山师范学院图书馆 欢迎您!
大连网信软件有限公司© 版权所有